LEADER 01547nam a2200229 i 4500 001 000000006000 003 CaOOAMICUS 005 20250729102927.0 008 180830s19772019be u000 u lat u 040 $aSeMil$bita 245 10$aGrammatici Hibernici Carolini aevi. 264 1$aTurnhout :$bBrepols,$c1977-2019. 300 $a5 v. (in 6 tomi) ;$c26 cm 774 0 $aMurethach $t1: Murethach (Muridac) In Donati artem maiorem.$dTurnhout : Brepols, 1977.$kCorpus Christianorum. Continuatio Mediaevalis$w()105287 774 0 $t2: Ars Laureshamensis.$dTurnhout : Brepols, 1977.$kCorpus Christianorum. Continuatio Mediaevalis$w()105288 774 0 $aSedulius : Scotus $t3.1: Sedulius Scottus In Donati artem maiorem.$dTurnhout : Brepols, 1977.$kCorpus Christianorum. Continuatio Mediaevalis$w()105289 774 0 $aSedulius : Scotus $t3.2: Sedulius Scottus In Donati artem minorem ; In Priscianum ; In Eutychem.$dTurnhout : Brepols, 1977.$kCorpus Christianorum. Continuatio Mediaevalis$w()105290 774 0 $aDonatus : Ortigraphus$t4: Donatus Ortigraphus Ars grammatica.$dTurnhout : Brepols, 1982.$kCorpus Christianorum. Continuatio Mediaevalis$z2-503-03400-4$w()105291 774 0 $t5: Liber de verbo e codice Parisiensi 7491.$dTurnhout : Brepols, 2018.$kCorpus Christianorum. Continuatio Mediaevalis$z978-2-503-57986-3$w()335890 996 $6245$aGrammatici Hibernici Carolini aevi$9(OLS)http://semarc/title/8207 996 $6264$aTurnhout :$bBrepols$9(OLS)http://semarc/publisher/29626 LEADER 01681nam a2200289 i 4500 001 000000036896 003 CaOOAMICUS 005 20120120000000.0 008 120120s2008 it u000 u ita u 013 $a6812 020 $a978-88-465-0617 040 $aSeMil$bita 245 12$aL'eucaristia :$bfonte e culmine della vita e della missione della chiesa : 11. Assemblea generale ordinaria del Sinodo dei vescovi /$c[a cura di] Roberto Nardin ; Esortazione apostolica postsinodale Sacramentum Caritatis con commento di Rino Fisichella. 260 $aCittą del Vaticano :$bLUP,$c2008. 300 $a1031 p. ;$c24 cm. 490 0 $aSinodo dei Vescovi ;$v1. 500 $aIn cop. : Sinodo dei vescovi, 11. Assemblea generale ordinaria, 2005. - Indicazione di A. sul dorso : Sinodo dei vescovi. - In appendice : Testi della Segreteria del Sinodo dei vescovi. 650 4$aSinodalitą episcopale - Cittą del Vaticano - Atti e documenti.$0(OLS)http://semarc/subject/7232 700 1 $aNardin, Roberto,$d<1962- >.$0(OLS)http://semarc/name/17517 700 1 $aFisichella, Rino,$c.$0(OLS)http://semarc/name/3789 830 0$aSinodo dei Vescovi ;$v1.$0(OLS)http://semarc/title/35408 850 $aSeMil 852 $aSeMil$W1$xVenegono$y1$m2A VI 16$j3051$B3051$CSeMilBibl$Z2$F3051 $81 961 $aOmaggio: Caspani don Pierpaolo 996 $6020$a978-88-465-0617$9(OLS)http://semarc/number/5706 996 $6245$aL'eucaristia :$bfonte e culmine della vita e della missione della chiesa : 11. Assemblea generale ordinaria del Sinodo dei vescovi$9(OLS)http://semarc/title/51381 996 $6260$aCittą del Vaticano :$bLUP$9(OLS)http://semarc/publisher/35778